Entretien d'embauche - Statistiques

Statistiques générales
  • Ce quiz a été pris 54 fois
    42 depuis la dernière actualisation
  • Le résultat moyen est 5 sur 5
Statistiques - réponses
Question Réponse % Correct
Bonjour monsieur/madame X, vous êtes prêt pour l'entretien ? Bonjour, oui tout à fait.
97%
Oh, je n'ai pas ramené ma trotinette pour y aller ... Je peux nous y emmener avec ma voiture si vous le souhaitez.
97%
Je peux vous payer le repas si besoin puisque vous m'emmenez. Merci bien mais j'ai avec moi mon argent.
97%
Tout d'abord, pourrions nous prendre une pause pour déjeuner ? Que voudriez vous manger ? J'aimerais manger une belle pizza.
95%
Je sens déjà, se tisser entre nous, un lien. J'apprécie egalement votre présence.
92%
Aucun quiz correspondant
Distribution des résultats
% des personnes avec chaque résultat
Percentile par nombre de réponses
Votre historique - résultats
Vous n’avez pas pris ce quiz depuis la dernière actualisation